Spotlight on student housing (Record no. 110911)

MARC details
000 -LEADER
fixed length control field 00997cad a22002055a 4500
001 - CONTROL NUMBER
control field L150573
008 - FIXED-LENGTH DATA ELEMENTS--GENERAL INFORMATION
fixed length control field 100729s2010 xxk f 000 0 eng d
035 ## - SYSTEM CONTROL NUMBER
System control number (Sirsi) u150573
041 0# - LANGUAGE CODE
Language code of text/sound track or separate title eng
050 04 - LIBRARY OF CONGRESS CALL NUMBER
Classification number 306.1 $2 18
110 2# - MAIN ENTRY--CORPORATE NAME
Corporate name or jurisdiction name as entry element Savills Research
9 (RLIN) 5211
245 00 - TITLE STATEMENT
Title Spotlight on student housing
Medium [electronic resource]
260 ## - PUBLICATION, DISTRIBUTION, ETC.
Place of publication, distribution, etc. London
Name of publisher, distributor, etc. Savills
Date of publication, distribution, etc. 2010
520 ## - SUMMARY, ETC.
Summary, etc. Investment potential of student housing market. Recent changes to central government funding for UK universities and the likely impact on the growth in student numbers and the impact on the number of student beds available in both purpose built student accommodation market and the buy-to-let sector.
590 ## - LOCAL NOTE (RLIN)
Local note KA
651 #4 - SUBJECT ADDED ENTRY--GEOGRAPHIC NAME
Geographic name ENGLAND AND WALES
690 ## - LOCAL SUBJECT ADDED ENTRY--TOPICAL TERM (OCLC, RLIN)
Topical term or geographic name as entry element Residential property
9 (RLIN) 6266
856 48 - ELECTRONIC LOCATION AND ACCESS
Uniform Resource Identifier <a href="https://www.savills.co.uk/PdfStream.aspx?url=http://www.savills.co.uk/cmsoutput/pdfs/uber_research/pdfs/SpotlightonStudentHousingFINALLow.pdf">https://www.savills.co.uk/PdfStream.aspx?url=http://www.savills.co.uk/cmsoutput/pdfs/uber_research/pdfs/SpotlightonStudentHousingFINALLow.pdf</a>
Public note View this item free of charge at www.savills.co.uk
942 ## - ADDED ENTRY ELEMENTS (KOHA)
Suppress in OPAC 0
Holdings
Withdrawn status Lost status Source of classification or shelving scheme Damaged status Not for loan Home library Current library Shelving location Date acquired Total Checkouts Full call number Barcode Date last seen Copy number Price effective from Koha item type
    Dewey Decimal Classification     Virtual Virtual Online 29/07/2010   ONLINE PUBLICATION 150573-2001 06/08/2019 1 06/08/2019 Book